Maires de moyennes villes élus en 2026 #1 - Statistiques

Statistiques générales
  • Ce quiz a été pris 13 fois
  • Le résultat moyen est 6 sur 15
Statistiques - réponses
Hint Réponse % Correct
Nantes Johanna Rolland
92%
Perpignan Louis Alliot
83%
Rouen Nicolas Mayer Rossignol
83%
Troyes François Baroin
75%
Montpellier Michael Delafosse
67%
Saint-Etienne Régis Juanico
50%
Rennes Nathalie Appéré
42%
Lorient Fabrice Loher
33%
Nîmes Vincent Bouget
33%
Mulhouse Frédéric Marquet
17%
Besançon Ludovic Fagaut
17%
Djion Nathalie Koenders
17%
Lens Sylvain Robert
17%
Versailles François de Mazières
8%
Caen Aristide Olivieau
0%
Aucun quiz correspondant
Distribution des résultats
% des personnes avec chaque résultat
Percentile par nombre de réponses
Votre historique - résultats
Vous n’avez pas pris ce quiz